000 00642nam a22002297a 4500
003 UA-OsUOA
001 92188
007 ta
008 20121211b un ||||| |||| 00| 0 ukr d
100 _aЦюпа Ю.
090 _a821.161.2
_bЦ98
942 _cBK
040 _aUA-OsUOA
_bukr
_cUA-OsUOA
_dUA-OsUOA
245 _aСоната для осені
_bоповідання, повість
300 _a319 с.
955 _a3
041 _aukr
080 _a821.161.2
260 _aК.
_bРадянський письменник
_c1986
650 7 _a82 Література. Літературознавство
_2UDC
999 _c378452
_d378452